00672nam a2200193Ia 450000500170000000800410001702000230005804100080008108200150008910000260010424500920013025000120022226000330023430000240026765000420029194200120033399900190034595201140036420250515123506.0240825s9999 xx 000 0 und d a9789390529100qhbk aeng a343.07 AHM aKhan, Sarfaraz Ahmed  0aConsumer Protection and Sustainable Consumptionc/ Sarfaraz Ahmed Khan & M. Rajanikanth a1st ed. cThomas Reuters, India, 2021. axxii; 391p. ; 22cm. aMilitary, tax, trade & industrial law cENGLISH c543222d543222 00104070aACLbACLc4Ad2024-08-25g975.00l0o343.07 AHMp668840r2024-08-25 13:53:41w2024-08-25yENGLISH